header

Horrible Harry in Room 2B (Record no. 260971)

MARC details
000 -LEADER
fixed length control field 00238nam a22001097a 4500
020 ## - INTERNATIONAL STANDARD BOOK NUMBER
ISBN 0590439421
100 ## - MAIN ENTRY--AUTHOR NAME
Personal name Suzy Kline
245 ## - TITLE STATEMENT
Title Horrible Harry in Room 2B
260 ## - PUBLICATION, DISTRIBUTION, ETC. (IMPRINT)
Place of publication New York
Name of publisher Scholastic
Year of publication 1988
300 ## - PHYSICAL DESCRIPTION
Number of Pages 56 pgs
942 ## - ADDED ENTRY ELEMENTS (KOHA)
Koha item type Long Loan Books
Holdings
Withdrawn status Lost status Collection code Home library Current library Shelving location Date acquired Accession Number Koha item type
    Fiction Rongo University Library Rongo University Library Children's Area 26/10/2023 CL2021722 Long Loan Books

© 2026 Rongo University
Contact us: librarian | system librarian | Rongo university